00505cam a22001937a 4500003000500000005001700005008004100022010000900063011000900072035000900081040000900090100002400099245002100123260006500144300001000209650002500219700003200244700003500276CHAP20220329133332.0971013s1989 r 00010 d a5067 a6039 a5257 cCHAP00aVega Aviña, Rito.10aFlora de Sinaloa aCuliacán, Sin. :bUniversidad Autónoma de Sinaloa,c1989 a49 p.14aBotánicaxSinaloa.0 aBojórquez B., Germán A.0 aHernández Alvarez, Faustino.